<?xml version="1.0" encoding="UTF-8"?><?xml-stylesheet type="text/xsl" href="static/style.xsl"?><OAI-PMH xmlns="http://www.openarchives.org/OAI/2.0/" xmlns:xsi="http://www.w3.org/2001/XMLSchema-instance" xsi:schemaLocation="http://www.openarchives.org/OAI/2.0/ http://www.openarchives.org/OAI/2.0/OAI-PMH.xsd"><responseDate>2026-04-18T02:24:07Z</responseDate><request verb="GetRecord" identifier="oai:www.recercat.cat:10459.1/468709" metadataPrefix="marc">https://recercat.cat/oai/request</request><GetRecord><record><header><identifier>oai:recercat.cat:10459.1/468709</identifier><datestamp>2025-10-09T18:05:27Z</datestamp><setSpec>com_2072_3622</setSpec><setSpec>col_2072_479130</setSpec></header><metadata><record xmlns="http://www.loc.gov/MARC21/slim" xmlns:dcterms="http://purl.org/dc/terms/" xmlns:xsi="http://www.w3.org/2001/XMLSchema-instance" xmlns:doc="http://www.lyncode.com/xoai" xsi:schemaLocation="http://www.loc.gov/MARC21/slim http://www.loc.gov/standards/marcxml/schema/MARC21slim.xsd">
   <leader>00925njm 22002777a 4500</leader>
   <datafield ind2=" " ind1=" " tag="042">
      <subfield code="a">dc</subfield>
   </datafield>
   <datafield ind2=" " ind1=" " tag="720">
      <subfield code="a">Moreno Gené, Josep</subfield>
      <subfield code="e">author</subfield>
   </datafield>
   <datafield ind2=" " ind1=" " tag="260">
      <subfield code="c">2025</subfield>
   </datafield>
   <datafield ind2=" " ind1=" " tag="520">
      <subfield code="a">La Orden ISM/386/2024 incorporó la posibilidad de suscribir un convenio especial para la recuperación de cotización por períodos de prácticas.  Algunos aspectos del régimen jurídico previsto inicialmente suponían un obstáculo para que las posibles personas beneficiarias optaran por acudir a esta posibilidad.  Frente a ello, la Orden ISM/812/2024 ha introducido cambios sustanciales en el régimen jurídico del referido convenio especial.  En este estudio se analiza si estas modificaciones van a ser suficientes para contribuir a fomentar la suscripción de este convenio especial.</subfield>
   </datafield>
   <datafield ind2=" " ind1=" " tag="520">
      <subfield code="a">Order ISM/386/2024 incorporated the possibility of entering into a special agreement for the recovery of contributions for internship periods. Some aspects of the initially planned legal framework posed an obstacle to potential beneficiaries opting for this option. In response, Order ISM/812/2024 introduced substantial changes to the legal framework for the aforementioned special agreement. This study analyzes whether these modifications will be sufficient to contribute to encouraging the signing of this special agreement.</subfield>
   </datafield>
   <datafield ind2=" " ind1=" " tag="520">
      <subfield code="a">Este trabajo se enmarca en el Proyecto de investigación en el que colaboro, PID2020-113929GB-100, sobre los límites de la autonomía de las universidades públicas</subfield>
   </datafield>
   <datafield ind1="8" ind2=" " tag="024">
      <subfield code="a">http://hdl.handle.net/10459.1/468709</subfield>
   </datafield>
   <datafield tag="653" ind2=" " ind1=" ">
      <subfield code="a">Convenio especial</subfield>
   </datafield>
   <datafield tag="653" ind2=" " ind1=" ">
      <subfield code="a">Períodos de prácticas</subfield>
   </datafield>
   <datafield tag="653" ind2=" " ind1=" ">
      <subfield code="a">Becas formativas</subfield>
   </datafield>
   <datafield ind2="0" ind1="0" tag="245">
      <subfield code="a">El régimen jurídico vigente del convenio especial para la recuperación del cómputo de cotización por períodos de prácticas, becas formativas y becas de investigación</subfield>
   </datafield>
   <datafield ind2="0" ind1="0" tag="245">
      <subfield code="a">The current legal regime of the special agreement for the recovery of the calculation of contributions for internship periods, training grants and research grants</subfield>
   </datafield>
</record></metadata></record></GetRecord></OAI-PMH>